| 000 | | | 03625nmc2a22002413x 450 |
| 001 | | | 1fb32f62-54ea-4741-b5f4-d856ea68cbc0 |
| 005 | | | 20231121191235.0 |
| 100 | ## | $a | 20230710l18311832k l0rusy0189 ca |
| 101 | 0# | $a | rus |
| 102 | ## | $a | RU |
| 105 | ## | $a | y### |
| 122 | 2# | $a | d |
| 200 | 1# | $a | Дело по содержанию бывшей Головина дачи и о покупке вместо ветхого вновь ялика; тут же и насчет вопроса господина министра Императорского двора о присоединении упомянутой дачи к городу |
| | $j | 10 апреля 1831 г. - 24 марта 1832 г. |
| 215 | ## | $a | 62 л. |
| | $d | 36,5х26 см |
| 251 | ## | $c | Дело |
| 300 | ## | $a | Дело |
| 371 | ## | $a | Документ не является опубликованным и широко распространяемым |
| 461 | #0 | $1 | 001625a9a7e-a890-4307-a7fe-826a2289a412 |
| | $1 | 2001 |
| | $a | Гоф-интенданская контора Министерства императорского двора |
| | $1 | 251 |
| | $c | Фонд |
| | $1 | 852 |
| | $j | 470 |
| 462 | #0 | $1 | 001e573e4c8-e5e4-4318-8515-514ae56a474d |
| | $1 | 2001 |
| | $a | По Головиной даче |
| | $1 | 251 |
| | $c | Опись |
| | $1 | 852 |
| | $j | 3 |
| | $l | 149-583 |
| 801 | #0 | $a | RU |
| | $b | РГИА |
| | $c | 20230710 |
| | $g | RCR |
| 801 | #1 | $a | RU |
| | $b | ГлавНИВЦ |
| | $c | 20230710 |
| | $2 | rusmarc |
| 801 | #2 | $a | RU |
| | $b | ПБ им. Б.Н. Ельцина |
| | $c | 20231121 |
| | $g | RCR |
| | $2 | rusmarc |
| 850 | ## | $a | РГИА |
| 852 | ## | $a | РГИА |
| | $e | Федеральное казенное учреждение "Российский государственный исторический архив" (РГИА) |
| | $j | 25 |
| 937 | ## | $h | РГИА |
| | $d | 12400681 |
| | $a | ASBIBLIO_SCAN |
| 035 | ## | $a | RusGRCC00063291 |
| 856 | ## | $u | http://readingroom.main.prlib.ru/item.aspx?id_node=n189023646&mode=full |